000 00846nab a2200253 u 4500
001 14920
003 HDC
007 cr bn ---aaaaa
008 210216c mydr|nes 0 a may d
040 _aHDC
100 _aMohd Zaky Zainuddin
_eauthor
_97645
245 0 _aMPOB yakin eksport MSM lepasi RM63.4b /
_cby Mohd Zaky Zainuddin
260 _aMalaysia:
_bBerita Harian,
_c2014
336 _atext
_2rdacontent
337 _acomputer
_2rdamedia
338 _aonline resource
_2rdacarrier
650 _aexport industry
_95987
650 _asmall and medium enterprise
_98448
710 _aBerita Harian
856 _zRequest full-text at [email protected]
942 _2lcc
942 _cNEWS
942 _kNSWC 004760
999 _c12236
_d12236